Países Nórdicos - Statistics

Estatísticas Gerais
  • Esse quiz foi jogado 174 vezes
  • A pontuação média é 5 de 5
Estatísticas das Respostas
Área em Km² País % Correto
385 155 km² Noruega
99%
449 964 km² Suécia
99%
43 094 km² Dinamarca
98%
338 145 km² Finlândia
98%
102 775 km² Islândia
96%
Nenhum quiz correspondente encontrado
Distribuição das Pontuações
Porcentagem de Pessoas com Cada Pontuação
Percentil de Números Respondidos
Sua Pontuação Histórica
Você não jogou esse quiz